Origines des marques - Statistiques

Statistiques générales
  • Ce quiz a été pris 199 fois
  • Le résultat moyen est 7 sur 18
Statistiques - réponses
Hint Réponse % Correct
Audi Allemande
96%
L'Oréal Française
79%
Lacoste Française
74%
Yves Saint Laurent Française
64%
Toyota Japonaise
58%
Samsung Sud coréenne
51%
Lego Danoise
42%
Zara Espagnole
42%
Canon Japonaise
34%
Nestle Suisse
34%
Red Bull Autrichienne
31%
Satander Espagnole
29%
Schweppes Allemande
25%
Hàagen-Dazs Américaine
22%
Nokia Finlandaise
20%
Oracle Américaine
19%
Shell Hollandaise
11%
Virgin Anglaise
8%
Aucun quiz correspondant
Distribution des résultats
% des personnes avec chaque résultat
Percentile par nombre de réponses
Votre historique - résultats
Vous n’avez pas pris ce quiz